<?xml version="1.0" encoding="UTF-8"?><record xmlns="http://www.loc.gov/MARC21/slim" xmlns:zs="http://docs.oasis-open.org/ns/search-ws/sruResponse">
  <leader>06554cam a2200709 a 4500</leader>
  <controlfield tag="001">7473047</controlfield>
  <controlfield tag="005">20250608012423.5</controlfield>
  <controlfield tag="007">cr |||||||||||</controlfield>
  <controlfield tag="008">930827s1792    ru af         000 m rus  </controlfield>
  <datafield ind1=" " ind2=" " tag="035">
    <subfield code="a">7473047</subfield>
  </datafield>
  <datafield ind1=" " ind2=" " tag="906">
    <subfield code="a">0</subfield>
    <subfield code="b">cbc</subfield>
    <subfield code="c">premver</subfield>
    <subfield code="d">1</subfield>
    <subfield code="e">ncip</subfield>
    <subfield code="f">19</subfield>
    <subfield code="g">y-genrareb</subfield>
  </datafield>
  <datafield ind1=" " ind2=" " tag="955">
    <subfield code="a">qr03 08-27-93</subfield>
    <subfield code="i">vj34 2005-07-05 NEW INPUT</subfield>
    <subfield code="e">vj34 2006-05-26</subfield>
    <subfield code="c">he07 2024-10-24 TW Situational: CHECK YUDIN CATALOG, SEE BOOK</subfield>
  </datafield>
  <datafield ind1=" " ind2=" " tag="955">
    <subfield code="a">LCAP batch update 2025-06-02-04:00: LCAPM-893</subfield>
  </datafield>
  <datafield ind1=" " ind2=" " tag="010">
    <subfield code="a">   57052539 </subfield>
  </datafield>
  <datafield ind1=" " ind2=" " tag="040">
    <subfield code="a">DLC</subfield>
    <subfield code="e">dcrb</subfield>
    <subfield code="c">DLC</subfield>
    <subfield code="d">DLC</subfield>
    <subfield code="d">DLC</subfield>
  </datafield>
  <datafield ind1="0" ind2="0" tag="050">
    <subfield code="a">PG2115</subfield>
    <subfield code="b">.R49</subfield>
  </datafield>
  <datafield ind1=" " ind2=" " tag="066">
    <subfield code="c">(N</subfield>
    <subfield code="c">(Q</subfield>
  </datafield>
  <datafield ind1="1" ind2=" " tag="100">
    <subfield code="6">880-01</subfield>
    <subfield code="a">Ri︠e︡shetnikovʺ, A.</subfield>
    <subfield code="q">(Andreĭ)</subfield>
  </datafield>
  <datafield ind1="1" ind2=" " tag="880">
    <subfield code="6">100-01/(N</subfield>
    <subfield code="a">Рѣшетниковъ, А.</subfield>
    <subfield code="q">(Андрей)</subfield>
  </datafield>
  <datafield ind1="1" ind2="0" tag="245">
    <subfield code="6">880-02</subfield>
    <subfield code="a">Novyĭ sposobʺ, ili, Novi︠e︡ĭshai︠a︡ azbuka dli︠a︡ nauchenīi︠a︡ di︠e︡teĭ po pravilamʺ grammaticheskimʺ rossīĭskomu i frant︠s︡uzskomu chtenīi︠u︡, pisʹmu, ariḟmetiki︠e︡, geografīi, risovanīi︠u︡ i notnomu pi︠e︡nīi︠u︡ :</subfield>
    <subfield code="b">razdi︠e︡lennai︠a︡ na tri klassa, sʺ prīobshchenīemʺ mnogikhʺ nravouchitelʹnykhʺ basenʺ, sʺ figurami, i sʺ drugimi poleznymi dli︠a︡ di︠e︡teĭ nastavlenīi︠a︡mi /</subfield>
    <subfield code="c">sobrannai︠a︡ A. Ri︠e︡shetnikovymʺ.</subfield>
    <subfield code="n">Klassʺ pervyĭ.</subfield>
  </datafield>
  <datafield ind1="1" ind2="0" tag="880">
    <subfield code="6">245-02/(N</subfield>
    <subfield code="a">Новый способъ, или, Новѣйшая азбука для наученія дѣтей по правиламъ грамматическимъ россійскому и французскому чтенію, письму, ариѳметикѣ, географіи, рисованію и нотному пѣнію :</subfield>
    <subfield code="b">раздѣленная на три класса, съ пріобщеніемъ многихъ нравоучительныхъ басенъ, съ фигурами, и съ другими полезными для дѣтей наставленіями /</subfield>
    <subfield code="c">собранная А. Рѣшетниковымъ.</subfield>
    <subfield code="n">Классъ первый.</subfield>
  </datafield>
  <datafield ind1="3" ind2="0" tag="246">
    <subfield code="6">880-03</subfield>
    <subfield code="a">Novyĭ sposob</subfield>
  </datafield>
  <datafield ind1="3" ind2="0" tag="880">
    <subfield code="6">246-03/(N</subfield>
    <subfield code="a">Новый способ</subfield>
  </datafield>
  <datafield ind1="3" ind2="0" tag="246">
    <subfield code="6">880-04</subfield>
    <subfield code="a">Novi︠e︡ĭshai︠a︡ azbuka dli︠a︡ nauchenīi︠a︡ di︠e︡teĭ po pravilamʺ grammaticheskimʺ rossīĭskomu i frant︠s︡uzskomu chtenīi︠u︡</subfield>
  </datafield>
  <datafield ind1="3" ind2="0" tag="880">
    <subfield code="6">246-04/(N</subfield>
    <subfield code="a">Новѣйшая азбука для наученія дѣтей по правиламъ грамматическимъ россійскому и французскому чтенію</subfield>
  </datafield>
  <datafield ind1="3" ind2=" " tag="246">
    <subfield code="6">880-05</subfield>
    <subfield code="a">Noveĭshai︠a︡ azbuka dli︠a︡ nauchenii︠a︡ deteĭ po pravilam grammaticheskim rossiĭskomu i frant︠s︡uzskomu chtenii︠u︡</subfield>
  </datafield>
  <datafield ind1="3" ind2=" " tag="880">
    <subfield code="6">246-05/(N</subfield>
    <subfield code="a">Новейшая азбука для научения детей по правилам грамматическим российскому и французскому чтению</subfield>
  </datafield>
  <datafield ind1=" " ind2=" " tag="260">
    <subfield code="6">880-06</subfield>
    <subfield code="a">Moskva :</subfield>
    <subfield code="b">Vʺ Universitetskoĭ tipografīi u V. Okorokova,</subfield>
    <subfield code="c">1791 goda [i.e. not before 1792]</subfield>
  </datafield>
  <datafield ind1=" " ind2=" " tag="880">
    <subfield code="6">260-06/(N</subfield>
    <subfield code="a">Москва :</subfield>
    <subfield code="b">Въ Университетской типографіи у В. Окорокова,</subfield>
    <subfield code="c">1791 года [i.e. not before 1792]</subfield>
  </datafield>
  <datafield ind1=" " ind2=" " tag="300">
    <subfield code="a">[6], 180, [3] leaves of plates :</subfield>
    <subfield code="b">ill. ;</subfield>
    <subfield code="c">20 cm. (8vo)</subfield>
  </datafield>
  <datafield ind1=" " ind2=" " tag="500">
    <subfield code="6">880-07</subfield>
    <subfield code="a">Part 1 of a proposed 3-part work. "Klassʺ 2" published in 1792 under title: Nachal'nai︠a︡ pravila arifmetiki, i Kratkoe rukovodstvo kʺ geografii, vʺ polʹzu rossiĭskago i︠u︡noshestva. Part 3 never published. Cf. Svodnyĭ kat.</subfield>
  </datafield>
  <datafield ind1=" " ind2=" " tag="880">
    <subfield code="6">500-07/(N</subfield>
    <subfield code="a">Part 1 of a proposed 3-part work. "Классъ 2" published in 1792 under title: Начал'ная правила арифметики, и Краткое руководство къ географии, въ пользу российскаго юношества. Part 3 never published. Cf. Svodnyĭ kat.</subfield>
  </datafield>
  <datafield ind1=" " ind2=" " tag="500">
    <subfield code="6">880-08</subfield>
    <subfield code="a">"Nachalʹnoe rukovodstvo kʺ rossīiskomu i frant︠s︡uzskomu chistopisanīi︠u︡," numbered as p. 113-122, has added t.p. dated 1792. Engraved on [10] leaves, one side of leaf only.</subfield>
  </datafield>
  <datafield ind1=" " ind2=" " tag="880">
    <subfield code="6">500-08/(N</subfield>
    <subfield code="a">"Начальное руководство къ россіискому и французскому чистописанію," numbered as p. 113-122, has added t.p. dated 1792. Engraved on [10] leaves, one side of leaf only.</subfield>
  </datafield>
  <datafield ind1=" " ind2=" " tag="500">
    <subfield code="a">Signatures: (Cyrillic) A-Ī⁸ K⁶.</subfield>
  </datafield>
  <datafield ind1=" " ind2=" " tag="500">
    <subfield code="6">880-11</subfield>
    <subfield code="a">Illustration with cartouche and rhyming caption facing p. [133], the beginning of the section of fables, is identical to frontispiece in Ri︠e︡shetnikov's 1788 edition of Basni vʺ stikhakhʺ i prozi︠e︡.</subfield>
  </datafield>
  <datafield ind1=" " ind2=" " tag="880">
    <subfield code="6">500-11/(N</subfield>
    <subfield code="a">Illustration with cartouche and rhyming caption facing p. [133], the beginning of the section of fables, is identical to frontispiece in Ri︠e︡shetnikov's 1788 edition of Басни въ стихахъ и прозѣ.</subfield>
  </datafield>
  <datafield ind1=" " ind2=" " tag="500">
    <subfield code="a">Vignettes mounted at heads of some sections and at head of each fable.</subfield>
  </datafield>
  <datafield ind1=" " ind2=" " tag="500">
    <subfield code="a">LC copy has Yudin Collection bookplates.</subfield>
    <subfield code="5">DLC</subfield>
  </datafield>
  <datafield ind1="4" ind2=" " tag="510">
    <subfield code="6">880-09</subfield>
    <subfield code="a">Sopikov, V.S. Opytʺ rossīĭskoĭ biblīografīi (Izd. 2),</subfield>
    <subfield code="c">11248</subfield>
  </datafield>
  <datafield ind1="4" ind2=" " tag="880">
    <subfield code="6">510-09/(N</subfield>
    <subfield code="a">Сопиков, В.С. Опытъ россійской библіографіи (Изд. 2),</subfield>
    <subfield code="c">11248</subfield>
  </datafield>
  <datafield ind1="4" ind2=" " tag="510">
    <subfield code="6">880-10</subfield>
    <subfield code="a">Svodnyĭ katalog russkoĭ knigi grazhdanskoĭ pechati XVIII veka, 1725-1800,</subfield>
    <subfield code="c">item 5966</subfield>
  </datafield>
  <datafield ind1="4" ind2=" " tag="880">
    <subfield code="6">510-10/(N</subfield>
    <subfield code="a">Сводный каталог русской книги гражданской печати XVIII века, 1725-1800,</subfield>
    <subfield code="c">item 5966</subfield>
  </datafield>
  <datafield ind1=" " ind2=" " tag="530">
    <subfield code="a">Also available in digital form on the Library of Congress Web site.</subfield>
  </datafield>
  <datafield ind1=" " ind2=" " tag="546">
    <subfield code="a">Text in Russian and French. Fables have parallel text printed in columns in Russian and French.</subfield>
  </datafield>
  <datafield ind1=" " ind2="0" tag="650">
    <subfield code="a">Russian language</subfield>
    <subfield code="v">Readers</subfield>
    <subfield code="v">Early works to 1800.</subfield>
  </datafield>
  <datafield ind1=" " ind2="0" tag="650">
    <subfield code="a">French language</subfield>
    <subfield code="v">Readers</subfield>
    <subfield code="v">Early works to 1800.</subfield>
  </datafield>
  <datafield ind1=" " ind2="0" tag="650">
    <subfield code="a">Russian language</subfield>
    <subfield code="x">Alphabet</subfield>
    <subfield code="v">Early works to 1800.</subfield>
  </datafield>
  <datafield ind1=" " ind2="0" tag="650">
    <subfield code="a">French language</subfield>
    <subfield code="x">Alphabet</subfield>
    <subfield code="v">Early works to 1800.</subfield>
  </datafield>
  <datafield ind1=" " ind2="0" tag="650">
    <subfield code="a">Fables, French.</subfield>
  </datafield>
  <datafield ind1=" " ind2="0" tag="650">
    <subfield code="a">Fables, French</subfield>
    <subfield code="v">Translations into Russian</subfield>
    <subfield code="v">Early works to 1800.</subfield>
  </datafield>
  <datafield ind1=" " ind2="7" tag="655">
    <subfield code="a">Readers (Publications).</subfield>
    <subfield code="2">lcgft</subfield>
    <subfield code="0">https://id.loc.gov/authorities/genreForms/gf2014026160</subfield>
  </datafield>
  <datafield ind1="2" ind2=" " tag="710">
    <subfield code="a">Yudin Collection (Library of Congress)</subfield>
    <subfield code="5">DLC</subfield>
  </datafield>
  <datafield ind1="4" ind2="1" tag="856">
    <subfield code="3">Page view</subfield>
    <subfield code="d">rbc0001</subfield>
    <subfield code="f">2010yudin52539</subfield>
    <subfield code="u">http://hdl.loc.gov/loc.rbc/yudin.52539</subfield>
  </datafield>
  <datafield ind1=" " ind2=" " tag="952">
    <subfield code="a">Digital files not viewed; td12 2010-07-06</subfield>
  </datafield>
  <datafield ind1=" " ind2=" " tag="984">
    <subfield code="a">rsl</subfield>
    <subfield code="d">2019-10-17</subfield>
  </datafield>
  <datafield ind1=" " ind2=" " tag="984">
    <subfield code="a">gsl</subfield>
  </datafield>
  <datafield ind1=" " ind2=" " tag="985">
    <subfield code="a">rbc/scd</subfield>
  </datafield>
  <datafield ind1=" " ind2=" " tag="985">
    <subfield code="a">rbc/yudin</subfield>
  </datafield>
  <datafield ind1=" " ind2=" " tag="985">
    <subfield code="a">rbc/digital/yudin</subfield>
  </datafield>
  <datafield ind1=" " ind2=" " tag="985">
    <subfield code="a">pmpull</subfield>
    <subfield code="e">scd</subfield>
  </datafield>
  <datafield ind1=" " ind2=" " tag="991">
    <subfield code="b">c-RareBook</subfield>
    <subfield code="h">PG2115</subfield>
    <subfield code="i">.R49</subfield>
    <subfield code="t">Copy 1</subfield>
    <subfield code="m">Yudin Coll</subfield>
    <subfield code="w">PREM</subfield>
  </datafield>
</record>
